000 00258nam a22001217a 4500
008 170313b xxu||||| |||| 00| 0 eng d
041 _aeng
080 _a591
100 _a7
101 _ashm
245 _aIINTERVERTEBRAL DISC
_cDEPALMA.A.F
942 _2udc
_cBK
999 _c7668
_d7668